000 00345 a2200157 4500
001 150897
040 _cEscola São Tomás de Aquino
100 _aVIANA, Vivina de Assis
240 1 0 _aSerá que ele vem?
_lpor
245 1 0 _aSerá que ele vem?
300 _a31
362 0 _a2002
440 1 _aModerna
697 _aPsicologia
942 _cBK
999 _c150897
_d150897